000
00326nam a22001457a 4500
008
210519b ||||| |||| 00| 0 eng d
020
_a
0029005906
041
_a
eng
080
_a
33
082
_a
33
100
_a
58
101
_a
BIZ
245
_a
Dictionary of Business and Economics
_c
Christine Ammer
942
_2
udc
_c
BK
999
_c
57527
_d
57527